Philippi Presbyteri ... In historiam Iob commentariorum libri tres ... (Record no. 162022)
[ view plain ]
| 000 -LEADER | |
|---|---|
| campo de control de longitud fija | 00744nam a22002051 4500 |
| 001 - NÚMERO DE CONTROL | |
| campo de control | 162022 |
| 003 - IDENTIFICADOR DE NÚMERO DE CONTROL | |
| campo de control | ES-MaACL |
| 005 - FECHA Y HORA DE LA ÚLTIMA TRANSACCIÓN | |
| campo de control | 20230906212416.0 |
| 008 - DATOS DE LONGITUD FIJA--INFORMACIÓN GENERAL | |
| campo de control de longitud fija | 931025s1527 sz |||| | lat d |
| 040 ## - FUENTE DE CATALOGACIÓN | |
| Centro catalogador/agencia de origen | CCP |
| Lengua de catalogación | spa |
| Centro/agencia transcriptor | PAB |
| Centro/agencia modificador | CCPB |
| 100 0# - ENTRADA PRINCIPAL--NOMBRE DE PERSONA | |
| Nombre de persona | Philippus |
| Títulos y otros términos asociados al nombre | Presbyter. |
| 9 (RLIN) | 91683 |
| 245 10 - MENCIÓN DEL TÍTULO | |
| Título | Philippi Presbyteri ... In historiam Iob commentariorum libri tres ... |
| 260 ## - PUBLICACIÓN, DISTRIBUCIÓN, ETC. | |
| Lugar de publicación, distribución, etc. | Basileae : |
| Nombre del editor, distribuidor, etc. | per Adamum Petrum ..., |
| Fecha de publicación, distribución, etc. | 1527. |
| 300 ## - DESCRIPCIÓN FÍSICA | |
| Extensión | [24], 211 p. ; |
| Dimensiones | Fol. |
| 510 4# - NOTA DE CITAS O REFERENCIAS BIBLIOGRÁFICAS | |
| Nombre de la fuente | CCBE S. XVI, |
| Localización dentro de la fuente | P, 1514 |
| 596 ## - NOTA AL PIE DE IMPRENTA | |
| NOTA AL PIE DE IMPRENTA | Marca tip. en port. y colofón. |
| 597 ## - NOTA DE DESCRIPCIÓN FÍSICA | |
| NOTA DE DESCRIPCIÓN FÍSICA | Sign.: [alfa-gamma]4, a6, b-z4, A-C4. |
| 630 04 - PUNTO DE ACCESO ADICIONAL DE MATERIA--TÍTULO UNIFORME | |
| Título uniforme | Biblia. |
| Nombre de parte o sección de la obra | A.T. |
| -- | Job- |
| Subdivisión de forma | Comentarios. |
| 9 (RLIN) | 119265 |
| 852 ## - LOCALIZACIÓN | |
| Ubicación | ES-MaACL |
| Número de control de estantería | R-3349 |
| Nota libre | -- Enc. perg. |
| -- | -- Ex-libris ms. de Vicente de Quintanilla |
| Estatus retirado | Estado de pérdida | Estado de daño | No para préstamo | Colección | Biblioteca de origen | Biblioteca actual | Ubicación en estantería | Fecha de adquisición | Fuente de adquisición | Total de préstamos | Signatura topográfica completa | Código de barras | Visto por última vez | Precio de reemplazo | Tipo de ítem Koha |
|---|---|---|---|---|---|---|---|---|---|---|---|---|---|---|---|
| Libros del s. XVI | Biblioteca del Ateneo de Madrid | Biblioteca del Ateneo de Madrid | Depósito | 17/01/2008 | R-3349 | 1169723 | 23/02/2023 | 23/02/2023 | Libro impreso antiguo |
